| 000 | 00662cam a2200205 i 4500 | ||
|---|---|---|---|
| 999 |
_c57518 _d57518 |
||
| 001 | 20405428 | ||
| 005 | 20221107152707.0 | ||
| 008 | 180313s2019 nyuabf b 001 0 eng c | ||
| 020 | _a9781501102370x | ||
| 041 | _aeng | ||
| 080 | _a327+94 S-82 | ||
| 100 | 1 |
_aSteil, Benn, _eauthor. _98949 |
|
| 245 | 1 | 4 |
_aThe Marshall Plan : _bdawn of the Cold War / _cBenn Steil. |
| 250 | _aFirst Simon & Schuster hardcover edition. | ||
| 264 | 4 |
_c2019. _aNew York, NY : _bSimon & Schuster, |
|
| 300 |
_a608 pages, 16 unnumbered pages of plates ; _billustrations, maps ; _c24 cm. |
||
| 653 | _aისტორია | ||
| 653 | _aპოლიტიკა | ||
| 942 |
_2udc _cBK |
||